Abhandlung uber die Maurerarbeit an Festungswerken, welche ein Ingenieur nothwendig verstehen musz ... / (Record no. 163123)

MARC details
000 -LEADER
campo de control de longitud fija 00868nam a2200217 i 4500
001 - NÚMERO DE CONTROL
campo de control 163123
003 - IDENTIFICADOR DE NÚMERO DE CONTROL
campo de control ES-MaACL
005 - FECHA Y HORA DE LA ÚLTIMA TRANSACCIÓN
campo de control 20250827075022.0
008 - DATOS DE LONGITUD FIJA--INFORMACIÓN GENERAL
campo de control de longitud fija 050711s1788 pl | |||||||| ||ger d
040 ## - FUENTE DE CATALOGACIÓN
Centro catalogador/agencia de origen CAM
Lengua de catalogación spa
Centro/agencia transcriptor CAM
100 1# - ENTRADA PRINCIPAL--NOMBRE DE PERSONA
Nombre de persona Redelykheid, Cornelius.
9 (RLIN) 131652
245 10 - MENCIÓN DEL TÍTULO
Título Abhandlung uber die Maurerarbeit an Festungswerken, welche ein Ingenieur nothwendig verstehen musz ... /
Mención de responsabilidad, etc. aus dem hollandischen des Cornelius Redelykheid; ubersezt von C.R. v. Lindener.
260 ## - PUBLICACIÓN, DISTRIBUCIÓN, ETC.
Lugar de publicación, distribución, etc. Breslau :
Nombre del editor, distribuidor, etc. Wilhelm Gottlieb Korn,
Fecha de publicación, distribución, etc. 1788.
300 ## - DESCRIPCIÓN FÍSICA
Extensión [4], 108 p., VII h. de grab. ;
Dimensiones 8º.
597 ## - NOTA DE DESCRIPCIÓN FÍSICA
NOTA DE DESCRIPCIÓN FÍSICA Sign.: []\p2\s, A-F\p8\s, G\p6\s.
599 ## - NOTA A LAS ILUSTRACIONES
NOTA A LAS ILUSTRACIONES Las h. de grab. calc.
650 #7 - PUNTO DE ACCESO ADICIONAL DE MATERIA--TÉRMINO DE MATERIA
Término de materia o nombre geográfico como elemento de entrada Ingeniería
Fuente del encabezamiento o término embne
9 (RLIN) 13767
752 ## - ENTRADA AGREGADA--NOMBRE JERÁRQUICO DEL LUGAR
País o entidad superior Polonia -
Ciudad Breslau
852 ## - LOCALIZACIÓN
Ubicación ES-MaACL
Número de control de estantería R-2955
Nota libre -- Enc. hol.
-- -- Legado M. de la Fuente
Encuadernación Olim:D-1167
Holdings
Estatus retirado Estado de pérdida Estado de daño No para préstamo Colección Biblioteca de origen Biblioteca actual Ubicación en estantería Fecha de adquisición Fuente de adquisición Total de préstamos Signatura topográfica completa Código de barras Visto por última vez Precio de reemplazo Tipo de ítem Koha
        Libros del s. XVIII Biblioteca del Ateneo de Madrid Biblioteca del Ateneo de Madrid Depósito 17/01/2008     R-2955 1170933 23/02/2023 23/02/2023 Libro impreso antiguo